| 000 | 00378nam a2200145Ia 4500 | ||
|---|---|---|---|
| 008 | 191201s2019 xx 000 0 und d | ||
| 082 | _a615.1 SIH | ||
| 100 | _aSIDDIQUI, Anees Ahmad | ||
| 245 | 0 | _aHealth Education & Community Pharmacy | |
| 260 |
_bBirla Pub _aNew Delhi _c2019 |
||
| 300 | _a200 | ||
| 650 | _aCommunity Pharmacy | ||
| 700 | _aSiddiqui, Seema | ||
| 942 |
_2ddc _cBK |
||
| 999 |
_c8263 _d8263 |
||